000 00348nam a2200133 i 4500
001 bg
100 1 _aSKALMIERSKI, B.
245 0 _aStan naprężenia w płytach rezonansowych a jakość instrumentu /
_cB. Skalmierski.
260 _aWarszawa,
_c1986.
040 _cBPK
041 _apol
942 _cKS
008 s pl f |000 0 pol
999 _c23026
_d23026
856 _uhttp://koha.tu.koszalin.pl/cgi-bin/koha/opac-detail.pl?biblionumber=23026
_yKatalog online BPK